| 000 | 00828nam a2200265 i 4500 | ||
|---|---|---|---|
| 003 | DO-SdUEMH | ||
| 005 | 20251220165347.0 | ||
| 007 | ta | ||
| 008 | 251220b |||||||| |||| 00| 0 spa d | ||
| 020 | _a9684263678 | ||
| 040 |
_aDO-SdUEMH _bspa _erda |
||
| 041 |
_aspa _heng |
||
| 082 | 0 | 4 |
_mCG _bH848a |
| 100 | _eaut | ||
| 245 |
_aAtlas de operatoria dental / _cWilliam W. Howard, Richard C. Moller ; traducción: Salvador Carranza Andresen ; revisor: Roberto Smith McDonald |
||
| 250 | _aTercera edición | ||
| 264 | 0 | 1 |
_aMexico, D.F : _bEl manual moderno, |
| 264 | 0 | 4 | _c©1986 |
| 300 | 0 |
_a307 paginas : _bIlustraciones ; _c23 cm. |
|
| 336 |
_2rdacontent _atexto _btxt |
||
| 337 |
_2rdamedia _asin mediación _bn |
||
| 338 |
_2rdacarrier _avolumen _bnc |
||
| 504 | _aBibliografías en paginas 301-302 | ||
| 942 |
_2ddc _n0 _cBK |
||
| 999 |
_c18277 _d18277 |
||